000 01333nam a22002417a 4500
001 6907
003 FISKH
005 20250605145019.0
008 250605b cb ||||| |||| 00| 0 eng d
020 _a9789995000745
040 _aFISKH
_bkhr
_cFISKH
_dFISKH
082 _a570
100 _aYihub, Yim
245 _aវិទ្យាសាស្រ្ត ជីវវិទ្យា ថ្នាក់ទី ១០​ /
_cអ្នកស្រី យឺម យីហ៊ុប , អ្នកស្រី វ៉ាល់ សោរ និង អ្នកស្រី ហែម វ៉ាន់នី
250 _aបោះពុម្ពលើកទី ៧ ឆ្នាំ២០១៤
260 _aភ្នំពេញ :
_bគ្រឺះស្ថានបោះពុម្ពនិងចែកផ្សាយ ,
_c2014.
300 _a116 pages :
_billustrations ;
_c25 cm .
520 _aសៀវភៅ ជីវវិទ្យា ថ្នាក់ទី ១០ ជាសៀវភៅដែលបង្រៀនអំពីមូលដ្ឋានចម្បងនៃជីវិត និងអង្គធាតុរស់។
520 _a"The Grade 10 Biology textbook is a book that teaches the fundamental principles of life and living organisms."
700 _aPhany, Hak
942 _2ddc
_cKHB
_n0
999 _c6907
_d6907